000 00560nam a2200265Ia 4500
008 210210b1950 xxu||||| |||| 00| 0 eng d
041 _aeng
082 _a881/38
100 _aKALIDASA
245 _aKumarasambhava cantos 1, 2 and 3 By Sastri Si Es Ar
260 _aMadras
_b-
_c1950
650 _aSi
650 _aSastri
650 _aKumarasambhava
650 _aEs
650 _acantos
650 _aBy
650 _aAr
650 _aand
650 _a3
650 _a2
650 _a1,
690 _aSanskrit Poetry
906 _a024210
999 _c149557
_d149557